|
|
|
|
| LEADER |
01585nam a22003733i 4500 |
| 001 |
EBC6978373 |
| 003 |
MiAaPQ |
| 005 |
20231204023224.0 |
| 006 |
m o d | |
| 007 |
cr cnu|||||||| |
| 008 |
231204s2017 xx o ||||0 eng d |
| 020 |
|
|
|a 9783110475838
|q (electronic bk.)
|
| 020 |
|
|
|z 9783110472202
|
| 035 |
|
|
|a (MiAaPQ)EBC6978373
|
| 035 |
|
|
|a (Au-PeEL)EBL6978373
|
| 035 |
|
|
|a (OCoLC)994207072
|
| 040 |
|
|
|a MiAaPQ
|b eng
|e rda
|e pn
|c MiAaPQ
|d MiAaPQ
|
| 082 |
0 |
|
|a 871.009
|
| 100 |
1 |
|
|a Conte, Gian Biagio.
|
| 245 |
1 |
0 |
|a Stealing the Club from Hercules :
|b On Imitation in Latin Poetry.
|
| 250 |
|
|
|a 1st ed.
|
| 264 |
|
1 |
|a Berlin/Boston :
|b De Gruyter, Inc.,
|c 2017.
|
| 264 |
|
4 |
|c Ã2017.
|
| 300 |
|
|
|a 1 online resource (68 pages)
|
| 336 |
|
|
|a text
|b txt
|2 rdacontent
|
| 337 |
|
|
|a computer
|b c
|2 rdamedia
|
| 338 |
|
|
|a online resource
|b cr
|2 rdacarrier
|
| 505 |
0 |
|
|a Intro -- Index -- Foreword -- 1. Stealing the club from Hercules -- 2. A critical retrospective: method and its limits.
|
| 588 |
|
|
|a Description based on publisher supplied metadata and other sources.
|
| 590 |
|
|
|a Electronic reproduction. Ann Arbor, Michigan : ProQuest Ebook Central, 2023. Available via World Wide Web. Access may be limited to ProQuest Ebook Central affiliated libraries.
|
| 655 |
|
4 |
|a Electronic books.
|
| 776 |
0 |
8 |
|i Print version:
|a Conte, Gian Biagio
|t Stealing the Club from Hercules
|d Berlin/Boston : De Gruyter, Inc.,c2017
|z 9783110472202
|
| 797 |
2 |
|
|a ProQuest (Firm)
|
| 856 |
4 |
0 |
|u https://ebookcentral.proquest.com/lib/matrademy/detail.action?docID=6978373
|z Click to View
|